Central Library OPAC University of Rajshahi

The interpretation of X-ray diffraction photographs / (Record no. 75114)

MARC details
000 -LEADER
fixed length control field 00870nam a2200265 a 4500
001 - CONTROL NUMBER
control field 75114
003 - CONTROL NUMBER IDENTIFIER
rucl marc code BD-RjUL
005 - DATE AND TIME OF LATEST TRANSACTION
control field 20211209082641.0
008 - FIXED-LENGTH DATA ELEMENTS--GENERAL INFORMATION
fixed length control field 960208s1960 enk 000 0 eng d
035 ## - SYSTEM CONTROL NUMBER
System control number (BD-RjUL)75332
040 ## - CATALOGING SOURCE
Original cataloging agency BD-RjUL
Language of cataloging eng
Transcribing agency BD-RjUL
041 ## - LANGUAGE CODE
Language code of text/sound track or separate title eng
082 ## - DEWEY DECIMAL CLASSIFICATION NUMBER
Edition number 23
Classification number 548.83
Author mark and year HEI 1960
100 1# - MAIN ENTRY--PERSONAL NAME
Personal name Henry, N. F. M.
Fuller form of name (Norman Fordyce McKerron)
9 (RLIN) 227239
245 14 - TITLE STATEMENT
Title The interpretation of X-ray diffraction photographs /
Statement of responsibility, etc. by N.F.M. Henry, H. Lipson and W.A. Wooster.
250 ## - EDITION STATEMENT
Edition statement [2nd ed.]
260 ## - PUBLICATION, DISTRIBUTION, ETC. (IMPRINT)
Place of publication, distribution, etc. London :
Name of publisher, distributor, etc. Macmillan,
Date of publication, distribution, etc. 1960.
300 ## - PHYSICAL DESCRIPTION
Pagination x, 282 p. :
Illustrations ill. ;
Size 25 cm.
504 ## - BIBLIOGRAPHY, ETC. NOTE
Bibliography, etc Includes Bibliographical reference and Index
650 #0 - SUBJECT ADDED ENTRY--TOPICAL TERM
Topical term or geographic name as entry element X-rays
General subdivision Diffraction.
9 (RLIN) 227240
Topical term or geographic name as entry element Crystallography.
9 (RLIN) 227241
700 1# - ADDED ENTRY--PERSONAL NAME
Personal name Lipson, H.
Fuller form of name (Henry)
Personal name Wooster, W. A.
Fuller form of name (William Alfred)
942 ## - ADDED ENTRY ELEMENTS (KOHA)
Source of classification or shelving scheme Dewey Decimal Classification
Koha item type Books
Holdings
Lost status Source of classification or shelving scheme Damaged status Not for loan Collection code Permanent Location Current Location Shelving location Date acquired Total Checkouts Full call number Date last seen Copy number Koha item type
  Dewey Decimal Classification   Not For Loan Non-fiction Central Library, University of Rajshahi Central Library, University of Rajshahi Reading Room 22/01/2019   548.83 HEI 1960 22/01/2019 C-1 Books